[Event "Helsingor Xtracon op"]
[Site "Helsingor"]
[Date "2017.07.30"]
[Round "10"]
[White "Stage, Mathias Juul"]
[Black "Cort Maleeva Hansen, Andreas Philip"]
[Result "1-0"]
[WhiteElo "1544"]
[BlackElo "1308"]
[PlyCount "117"]
[EventDate "2017.07.22"]
[EventType "swiss"]
[EventRounds "10"]
[EventCountry "DEN"]
[SourceTitle "CBM 179 Extra"]
[Source "ChessBase"]
[SourceDate "2017.08.23"]
[SourceVersion "1"]
[SourceVersionDate "2017.08.23"]
[SourceQuality "1"]

1. Nf3 Nf6 2. g3 g6 3. Bg2 Bg7 4. c4 c5 5. d3 Nc6 6. Bf4 d6 7. Qd2 Qa5 8. Nc3 h5 9. Rd1 Bd7 10. 0-0 0-0-0 11. Nb5 Qxd2 12. Rxd2 a6 13. Nc3 Bh6 14. Bxh6 Rxh6 15. d4 cxd4 16. Nxd4 Ne5 17. Rfd1 Nxc4 18. Rc2 Kb8 19. Nd5 Nxd5 20. Bxd5 Ne5 21. Rdc1 e6 22. Bf3 Nxf3+ 23. Nxf3 f6 24. e4 Rhh8 25. Rd2 Bc8 26. Rcd1 Kc7 27. Nh4 g5 28. Ng6 Rh7 29. e5 Rg7 30. exd6+ Kd7 31. Ne7 b6 32. Rc1 Rxe7 33. Rc7+ Ke8 34. Rxe7+ Kf8 35. Rc7 Ke8 36. Rxc8 Rxc8 37. d7+ Kd8 38. dxc8Q+ Kxc8 39. Rd6 Kc7 40. Rxe6 f5 41. Re5 f4 42. Rxg5 fxg3 43. fxg3 Kd7 44. Rxh5 Ke7 45. Rf5 Ke6 46. Rf1 Ke5 47. h4 Ke6 48. h5 Ke5 49. h6 Ke6 50. h7 Ke5 51. h8Q+ Ke4 52. Qd8 Ke3 53. Re1+ Kf3 54. Qf8+ Kg4 55. Qf4+ Kh5 56. Rf1 Kg6 57. Qg4+ Kh6 58. Rf5 Kh7 59. Rh5# 1-0